Jednotný katalog prací

Guardado en:
Detalles Bibliográficos
Formato: Libro
Lenguaje:checo
Publicado: Praha : FMPSV, 1991
Etiquetas: Agregar Etiqueta
Sin Etiquetas, Sea el primero en etiquetar este registro!

MARC

LEADER 00000nam a22000003a 4500
001 stu31364
005 20150408181045.5
008 931022s1991----cs------------------cze-d
040 |a STU  |b slo 
041 0 |a cze 
044 |a cs 
080 |a 331.01 
245 |a Jednotný katalog prací 
260 |a Praha :  |b FMPSV,  |c 1991 
300 |a 635 s 
996 |b J87918  |c J*87918  |l JJSK  |s A  |a 24  |w stu31364_0001